|
|
|
|
| LEADER |
00644cam a2200169 7i4500 |
| 001 |
0000021118 |
| 005 |
20080508090000.0 |
| 020 |
0 |
0 |
|a 978-92-1-112717-1
|
| 090 |
0 |
0 |
|a I 330.9
|b UNI
|
| 110 |
2 |
0 |
|a United Nations
|
| 245 |
2 |
0 |
|a The Least developed countries report 2007 :
|b knowledege,technological learning and innovation for development.
|
| 260 |
0 |
0 |
|a New York:
|b United Nations,
|c 2007.
|
| 300 |
# |
# |
|a 189 p.
|
| 650 |
0 |
0 |
|a Developed countries --
|x Economic conditions
|
| 650 |
0 |
0 |
|a Developed countries --
|x Social conditions
|
| 710 |
2 |
1 |
|a United Nations conference on Trade and Development
|
| 999 |
|
|
|a B000021717
|b Book
|c International
|e Business Information Centre
|